| 000 | 01479cam a2200337 a 4500 | ||
|---|---|---|---|
| 001 | 755699848 | ||
| 003 | OCoLC | ||
| 005 | 20230621124635.0 | ||
| 008 | 111002t20122011nyuab j 000 1 eng d | ||
| 020 | _a9780545384766 | ||
| 020 | _a0545384761 | ||
| 020 |
_a9780329929510 _q(FollettBound) |
||
| 035 | _a(OCoLC)755699848 | ||
| 040 |
_aBTCTA _beng _cBTCTA _dBDX _dBKX _dGO3 _dZAC _dLIV _dSO$ |
||
| 041 | _aeng | ||
| 082 | 0 | 4 |
_a[Fic] _223 |
| 092 |
_fJ _aMEADOWS |
||
| 100 | 1 |
_aMeadows, Daisy, _eauthor. |
|
| 245 | 1 | 0 |
_aSelena the sleepover fairy / _cby Daisy Meadows. |
| 260 |
_aNew York : _bScholastic, _c[2012], c2011. |
||
| 300 |
_a157 p. : _bill., map ; _c20 cm. |
||
| 490 | 1 | _aRainbow magic special edition. | |
| 520 | _aRachel and Kirsty are going to a giant sleepover in the city--and they can't wait! But things are going all wrong. Jack Frost and his goblins have stolen Selena the Sleepover Fairy's three magic objects. Without them, everyone will be losing sleep. Can Rachel and Kirsty help Selena track down her magic, so that sleepovers will be full of fun, games and giggles again? | ||
| 650 | 0 |
_aWalker, Rachel (Fictitious character) _vJuvenile fiction. |
|
| 650 | 0 |
_aTate, Kirsty (Fictitious character) _vJuvenile fiction. |
|
| 650 | 0 |
_aFairies _vJuvenile fiction. |
|
| 650 | 0 |
_aLost articles _vJuvenile fiction. |
|
| 650 | 0 |
_aFrost, Jack (Fictitious character) _vJuvenile fiction. |
|
| 800 | 1 |
_aMeadows, Daisy. _tRainbow magic special edition. |
|
| 942 | _cBK | ||
| 999 |
_c28182 _d28182 |
||